Interstate 278 Eastbound Exits - New York Quiz Stats

 Plays Quiz not verified by Sporcle

Challenge
Share
Tweet
Embed
Score 0/42 Timer 10:00
0 Plays Today
Exit number Name or Route number % Correct
Exits 35A-B (Queens)Long Island Expwy/I-495/48 St
80%
Exit 46 (Manhattan)Manhattan/Randalls Is
73.3%
Exit 47 (Bronx)Major Deegan Expwy/I-87
73.3%
Exit 7Richmond Ave
66.7%
Exit 16 (Brooklyn)Belt Pkwy East
66.7%
Exit 28BBrooklyn Bridge
66.7%
Exit 28ACadman Plaza West
60%
Exit 29AManhattan Bridge
60%
Exit 39Queens Blvd/NY 25/65 Pl
60%
Exit 5West Shore Expwy/NY 440 South
53.3%
Exit 40Broadway/Roosevelt Ave
53.3%
Exit 42Grand Central Pkwy East
53.3%
Exit 49Sheridan Expwy/I-895/E 177 St
53.3%
Exit 9Dr Martin Luther King Jr Expwy/NY 440 North
46.7%
Exit 13Clove Rd/Richmond Rd/Targee St
46.7%
Exit 15Fingerboard Rd/Lily Pond Ave
46.7%
Exit 25Hugh L Carey Tunnel
46.7%
Exit 54I-678 South/I-295 South
46.7%
Exit 11Bradley Ave
40%
Exit 14Hylan Blvd
40%
Exit 41Northern Blvd/NY 25A
40%
Exit number Name or Route number % Correct
Exit 4 (Staten Island)Forest Ave
33.3%
Exit 8Victory Blvd
33.3%
Exit 12Todt Hill Rd/Slosson Ave
33.3%
Exit 1792 St
33.3%
Exit 18 Ft Hamilton Pkwy
33.3%
Exit 207 Ave/65 St
33.3%
Exit 24Prospect Expwy/NY 27 East
33.3%
Exit 26Hamilton Ave
33.3%
Exit 27Atlantic Ave
33.3%
Exit 29BTillary St
33.3%
Exit 33McGuinness Blvd/Humboldt St
33.3%
Exit 2338 St
26.7%
Exit 30Flushing Ave
26.7%
Exit 32Metropolitan Ave
26.7%
Exit 44Astoria Blvd West
26.7%
Exit 4531 St
26.7%
Exit 52Bronx River Pkwy North
26.7%
Exit 4330 Ave
20%
Exit 48E 138 St
20%
Exit 53White Plains Rd/Castle Hill Ave
20%
Exit 213 Ave
13.3%

You're not logged in!

Compare scores with friends on all Sporcle quizzes.
OR
Log In

You Might Also Like...

Show Comments

Extras

Top Quizzes Today


Score Distribution

Your Account Isn't Verified!

In order to create a playlist on Sporcle, you need to verify the email address you used during registration. Go to your Sporcle Settings to finish the process.

Report this User

Report this user for behavior that violates our Community Guidelines.

Details: